LPG feedstock for petrochemistry bachelor thesis CD
Saved in:
| Main Author: | |
|---|---|
| Format: | Software Book |
| Language: | Slovak |
| Published: |
Bratislava
STU FCHPT
2013
|
| Online Access: | View in OPAC |
| Tags: |
No Tags, Be the first to tag this record!
|
MARC
| LEADER | 00000nam a2200000 a 4500 | ||
|---|---|---|---|
| 005 | 20260127133923.0 | ||
| 007 | co ugu | ||
| 008 | 131212 2013 000 0 slo d | ||
| 035 | |a vtls010565007 | ||
| 039 | 9 | |y 201312121137 |z mschk03 | |
| 040 | |a STUSCHK1 |b slo |c STUSCHK1 |e AACR2 | ||
| 100 | 1 | |a Alazemi, Rashed M.F.J. | |
| 245 | 1 | |a LPG feedstock for petrochemistry |b bachelor thesis CD |c Rashed M.F.J. Alazemi | |
| 260 | |a Bratislava |b STU FCHPT |c 2013 | ||
| 300 | |a 1 optický disk | ||
| 500 | |a Obhájené: 17.06.2013 | ||
| 500 | |a Study programme: Engineering of Chemicla and Environmental Technologies | ||
| 500 | |a Study field: Chemical technologies | ||
| 500 | |a Workplace: Department of Petroleum Technology and Petrochemistry | ||
| 500 | |a Reg. No.: FCHPT-13306-45244 | ||
| 910 | |a SCHK95 | ||
| 999 | |c 75 |d 75 | ||